Countries With the Most Chinese Speakers - Statistics

General Stats
  • This quiz has been taken 89 times
  • The average score is 18 of 20
Answer Stats
# Speakers % Country % Correct
467 k 1.2 Canada
100%
1.3 b 91.0 China
100%
3.0 m 0.9 United States of America
100%
21 m 87.5 Taiwan
97%
300 k 0.4 United Kingdom
97%
7.0 m 3.3 Indonesia
96%
2.5 m 7.4 Malaysia
96%
1.4 m 1.4 Vietnam
96%
8.8 m 12.3 Thailand
95%
100 k 0.2 France
94%
2.9 m 50.8 Singapore
94%
727 k 2.8 Australia
91%
250 k 0.2 Japan
91%
150 k 0.2 Germany
89%
2.3 m 2.0 Philippines
89%
330 k 0.6 Italy
86%
2.3 m 4.0 Myanmar
86%
145 k 0.3 Spain
86%
520 k 3.0 Cambodia
78%
113 k 2.2 New Zealand
76%
No matching quizzes found
Score Distribution
Percent of People with Each Score
Percentile by Number Answered
Your Score History
You have not taken this quiz